000 00662nam a22001817a 4500
008 130821s1928 sp gr spa
040 _aCo-BoUCM
_bspa
041 0 0 _aspa
100 _aValdes, Alfonso De
_d1490-1532
_9150724
245 0 0 _aDiálogo de las cosas ocurridas en Roma
_cAlfonso de Valdés, edición y notas por José F. Montesinos
260 _aMadrid (España)
_bEdiciones de la Lectura
_c1928
300 _a235 páginas
490 _aCl sicos Castellanos ; 89
650 0 4 _aDiálogos españoles
_913179
700 _aMontesinos, José F., Ed.
_9150725
942 _cLIBRO
_a18
_e1
_mV15
_n0
_2DEWEY
_h863.3
999 _c87798
_d87798